000 00364nam a2200133 4500
005 20260530113853.0
100 1 _aCarlos Fuentes
_931452
245 1 0 _aPor un Progreso Incluyente
264 1 _bInst. De Estudios Sindicales de Occidente
_c1997
300 _a126 páginas
336 _atexto
_2rdacontent
337 _asin medio
_2rdamedia
338 _avolumen
_2rdacarrier
999 _c11532
_d11532